000 00454nam a22001817a 4500
003 MPLRDC
005 20220104123352.0
008 210129b ||||| |||| 00| 0 eng d
020 _a962-436-053-7
082 _a857.621 HY-6 v.4 c.2
100 _a黄易
245 _a迷失的永恒
_c
260 _a
_b聚贤馆文化有限公司
_c1991
300 _b
490 _a黄易玄幻. 4
650 _a玄幻小说
942 _cBK
_o857.621 HY-6 v.4 c.2
999 _c10874
_d10864